000 00854nam a2200229 4500
001 139880
003 ES-MaACL
005 20250816063226.0
007 t|
008 070214s1902 fr r ||||1| fre d
080 _a331.2
100 1 _aSchloss, David F.
_9104432
245 1 4 _aLes modes de rémunération du travail /
_cpar David Schloss ; traduit, précédé d'une introduction, et augmenté de notes et d'appendices par Charles Rist.
260 _aParis :
_bV. Giard & E. Brière,
_c1902 (
_eSaint Amant :
_fImp. Bussiere)
300 _aXLVIII, 383 p. ;
_c23 cm.
490 1 _aBibliothèque internationale d'économie politique
650 0 4 _aSalarios.
_916967
700 1 _aRist, Charles.
_997471
830 0 0 _aBibliothèque internationale d'économie politique
_9181587
852 _aES-MaACL
_jF-14103
999 _c139880
_d139880